[Event "WLS-ch Major 65th"]
[Site "Cardiff"]
[Date "2019.04.20"]
[Round "4"]
[White "Williams, Gavin"]
[Black "Harding, Gareth"]
[Result "1-0"]
[WhiteElo "1646"]
[BlackElo "1557"]
[PlyCount "121"]
[EventDate "2019.04.19"]
[EventType "swiss"]
[EventRounds "7"]
[EventCountry "WLS"]
[SourceTitle "CBM 190 Extra"]
[Source "ChessBase"]
[SourceDate "2019.07.15"]
[SourceVersion "1"]
[SourceVersionDate "2019.07.15"]
[SourceQuality "1"]

1. e4 e6 2. d4 d5 3. e5 c5 4. c3 Nc6 5. Nf3 Bd7 6. Bd3 Qb6 7. dxc5 Bxc5 8. 0-0 Nge7 9. b4 Nxb4 10. cxb4 Bxb4 11. Be3 Bc5 12. Bxc5 Qxc5 13. Nbd2 Nc6 14. Nb3 Qe7 15. Nbd4 a6 16. Qb3 Qb4 17. Nxc6 Qxb3 18. axb3 bxc6 19. Rfc1 0-0 20. Rc5 f6 21. h3 Rfb8 22. Bc2 Rb4 23. Ra4 Rxa4 24. bxa4 Rb8 25. Nd4 Kf7 26. Nf3 Rb4 27. Ra5 Rc4 28. Bd3 Rb4 29. Rxa6 c5 30. Ra7 Ke8 31. a5 f5 32. a6 c4 33. Rb7 Ra4 34. a7 Bc6 35. Rc7 Bd7 36. Bf1 Kd8 37. Rb7 Bc6 38. Rxg7 c3 39. Rg8+ Kc7 40. Rg7+ Kb6 41. Bd3 Rxa7 42. Rxa7 Kxa7 43. Nd4 Bd7 44. Kf1 Kb6 45. Ke2 Kc5 46. Nc2 h5 47. Ke3 Ba4 48. f4 Bd7 49. g3 Ba4 50. Nd4 Bd7 51. Be2 Kb4 52. Bxh5 Ka3 53. Bd1 Kb2 54. h4 Be8 55. h5 Kc1 56. Be2 Kb2 57. h6 Bg6 58. Bd3 Kc1 59. Nxe6 Kd1 60. Ng5 c2 61. Bxc2+ 1-0

[Event "WLS-ch Major 65th"]
[Site "Cardiff"]
[Date "2019.04.19"]
[Round "1"]
[White "Timmins, Chris P"]
[Black "Williams, Gavin"]
[Result "1-0"]
[WhiteElo "1888"]
[BlackElo "1646"]
[PlyCount "69"]
[EventDate "2019.04.19"]
[EventType "swiss"]
[EventRounds "7"]
[EventCountry "WLS"]
[SourceTitle "CBM 190 Extra"]
[Source "ChessBase"]
[SourceDate "2019.07.15"]
[SourceVersion "1"]
[SourceVersionDate "2019.07.15"]
[SourceQuality "1"]

1. e4 e6 2. d4 d5 3. Nc3 Bb4 4. Qf3 Nf6 5. e5 Ne4 6. a3 Bxc3+ 7. bxc3 c5 8. Bb5+ Bd7 9. Bxd7+ Qxd7 10. Ne2 0-0 11. Qh5 cxd4 12. cxd4 Qc7 13. Be3 Nc3 14. 0-0 Nxe2+ 15. Qxe2 Nd7 16. Rab1 Rac8 17. Rfc1 Nb6 18. Qg4 f5 19. exf6 Rxf6 20. h4 Nc4 21. Bg5 Rf5 22. Re1 Qf7 23. Rb3 Nd6 24. Qe2 Qg6 25. Qxe6+ Qxe6 26. Rxe6 Ne4 27. Rxb7 h6 28. Be3 Rf7 29. Ree7 Rxe7 30. Rxe7 Ra8 31. c4 Nf6 32. c5 Kf8 33. Rb7 a6 34. Kf1 Ne8 35. Bf4 1-0

[Event "WLS-ch Minor"]
[Site "Cardiff"]
[Date "2014.04.18"]
[Round "1"]
[White "Bennett, Carl"]
[Black "Williams, Gavin"]
[Result "0-1"]
[WhiteElo "1379"]
[BlackElo "1646"]
[PlyCount "90"]
[EventDate "2014.04.18"]
[EventType "swiss"]
[EventRounds "7"]
[EventCountry "WLS"]
[SourceTitle "EXT 2022"]
[Source "ChessBase"]
[SourceDate "2021.10.06"]
[SourceVersion "1"]
[SourceVersionDate "2021.10.06"]
[SourceQuality "1"]

1. e4 e6 2. d4 d5 3. exd5 exd5 4. Nf3 Bd6 5. Be3 Nf6 6. Nbd2 Bg4 7. h3 Bh5 8. Be2 Nbd7 9. Nh2 Bxe2 10. Qxe2 Qe7 11. Ng4 Ne4 12. 0-0-0 0-0-0 13. Nxe4 Qxe4 14. Rhe1 Qxg2 15. h4 Qe4 16. f3 Qe7 17. Bg5 Qxe2 18. Rxe2 Rde8 19. Rde1 Rxe2 20. Rxe2 f6 21. Bd2 h5 22. Ne3 g6 23. Nxd5 Kd8 24. Nf4 Rg8 25. Nd5 c6 26. Bf4 Bxf4+ 27. Nxf4 Nf8 28. Ne6+ Nxe6 29. Rxe6 Rf8 30. Kd2 Kd7 31. Re3 g5 32. hxg5 fxg5 33. Ke2 h4 34. Kf2 g4 35. Re4 Rxf3+ 36. Kg1 Rg3+ 37. Kh2 Kd6 38. Re5 Rf3 39. Re2 Kd5 40. c3 g3+ 41. Kg1 h3 42. Re5+ Kc4 43. Rh5 g2 44. Rg5 Rf1+ 45. Kh2 Rh1+ 0-1

[Event "IECG CP.2009.P.00012 email"]
[Site "IECG email"]
[Date "2009.10.01"]
[Round "?"]
[White "Williams, Gavin"]
[Black "Cuaycong, Virgilio"]
[Result "1/2-1/2"]
[WhiteElo "1178"]
[BlackElo "1486"]
[PlyCount "101"]
[EventDate "2009.10.01"]
[EventType "tourn (corr)"]
[EventRounds "6"]
[EventCountry "ARG"]
[SourceTitle "Corr 2024"]
[Source "ChessBase"]
[SourceDate "2023.10.19"]
[SourceVersion "1"]
[SourceVersionDate "2023.10.19"]
[SourceQuality "1"]

1. c4 e5 2. g3 Nf6 3. Bg2 c6 4. d4 exd4 5. Qxd4 d5 6. Nf3 Be7 7. cxd5 cxd5 8. 0-0 Nc6 9. Qd1 Bc5 10. Qc2 Bb6 11. Nc3 0-0 12. Bg5 Be6 13. h3 Rc8 14. Qd1 h6 15. Bxf6 Qxf6 16. Nxd5 Bxd5 17. Qxd5 Qxb2 18. e3 Rfd8 19. Qh5 Ne7 20. Rfb1 Qf6 21. Qe5 Qxe5 22. Nxe5 Rc5 23. Nf3 Nd5 24. Rb2 Nc3 25. Kf1 Rc7 26. Rc1 Rdc8 27. Nd2 Na4 28. Rxc7 Rxc7 29. Rb1 Nc3 30. Rc1 Nxa2 31. Rxc7 Bxc7 32. Bxb7 Nb4 33. Ke2 a5 34. Nc4 Kf8 35. e4 Ke7 36. Ke3 Kd7 37. f4 a4 38. e5 Bb8 39. Kd4 Ba7+ 40. Kc3 Nc6 41. Nd6 Bd4+ 42. Kc4 a3 43. Bxc6+ Kxc6 44. Nf5 Bc5 45. Kb3 Bf8 46. Ne3 h5 47. Kc4 Bc5 48. Nc2 a2 49. f5 g5 50. g4 h4 51. Na1 1/2-1/2

[Event "IECG CP.2000.P.00008"]
[Site "IECG email"]
[Date "2000.10.01"]
[Round "?"]
[White "Perez, Giorgio"]
[Black "Williams, Gavin"]
[Result "1/2-1/2"]
[WhiteElo "1954"]
[BlackElo "800"]
[PlyCount "45"]
[EventDate "2000.10.01"]
[EventType "tourn (corr)"]
[EventRounds "6"]
[EventCountry "FRA"]
[SourceTitle "Corr 2008"]
[Source "ChessBase"]
[SourceDate "2008.06.24"]
[SourceVersion "1"]
[SourceVersionDate "2008.06.24"]
[SourceQuality "1"]

1. e4 e6 2. d4 d5 3. Nd2 c5 4. exd5 Qxd5 5. Ngf3 cxd4 6. Bc4 Qd6 7. 0-0 Nf6 8. Nb3 Nc6 9. Nbxd4 Nxd4 10. Nxd4 a6 11. b3 Qc7 12. Bb2 Bd6 13. h3 0-0 14. a4 b6 15. Qe2 Bb7 16. Rad1 Rfe8 17. Rfe1 Bb4 18. c3 Bc5 19. Rd3 e5 20. Nc2 Qc6 21. Rf3 Qc8 22. Rd3 Qc6 23. Rf3 1/2-1/2

[Event "IECG CP.2000.P.00008"]
[Site "IECG email"]
[Date "2000.10.01"]
[Round "?"]
[White "Villiere, Christophe"]
[Black "Williams, Gavin"]
[Result "1-0"]
[WhiteElo "1211"]
[BlackElo "800"]
[PlyCount "89"]
[EventDate "2000.10.01"]
[EventType "tourn (corr)"]
[EventRounds "6"]
[EventCountry "FRA"]
[SourceTitle "Corr 2008"]
[Source "ChessBase"]
[SourceDate "2008.06.24"]
[SourceVersion "1"]
[SourceVersionDate "2008.06.24"]
[SourceQuality "1"]

1. e4 e6 2. d4 d5 3. Nc3 Bb4 4. a3 Bxc3+ 5. bxc3 dxe4 6. Qg4 Nf6 7. Qxg7 Rg8 8. Qh6 Nbd7 9. Ne2 b6 10. Ng3 Bb7 11. Bg5 Qe7 12. Qh4 h6 13. Bxh6 Rg4 14. Qh3 0-0-0 15. Be2 Rgg8 16. Qh4 Rh8 17. Qf4 Nd5 18. Qd2 Rdg8 19. c4 e3 20. Bxe3 Nxe3 21. Qxe3 Bxg2 22. Rg1 Bb7 23. 0-0-0 Qg5 24. f4 Qa5 25. Bf3 Bxf3 26. Qxf3 Rxh2 27. Nf5 Qd2+ 28. Rxd2 Rxg1+ 29. Rd1 Rxd1+ 30. Kxd1 exf5 31. Qa8+ Nb8 32. Qd5 Rh8 33. Qxf5+ Nd7 34. Qxf7 Rf8 35. Qe6 Kd8 36. f5 a5 37. Kd2 Rf6 38. Qd5 Rd6 39. Qg8+ Ke7 40. Ke3 Nf6 41. Qg7+ Kd8 42. c3 Ne8 43. Qg5+ Rf6 44. Kf4 Ke7 45. Ke5 1-0

[Event "IECG CP.1999.P.00084"]
[Site "IECG email"]
[Date "1999.10.01"]
[Round "?"]
[White "Wiegner, Dennis"]
[Black "Williams, Gavin"]
[Result "1-0"]
[WhiteElo "2140"]
[BlackElo "800"]
[PlyCount "87"]
[EventDate "1999.10.01"]
[EventType "tourn (corr)"]
[EventRounds "6"]
[EventCountry "NOR"]
[SourceTitle "Corr 2008"]
[Source "ChessBase"]
[SourceDate "2008.06.24"]
[SourceVersion "1"]
[SourceVersionDate "2008.06.24"]
[SourceQuality "1"]

1. e4 e6 2. d4 d5 3. Nc3 Bb4 4. e5 b6 5. Qg4 Bf8 6. Bg5 Qd7 7. Bb5 Nc6 8. Nf3 Bb7 9. 0-0 h6 10. Bd2 a6 11. Ba4 Nge7 12. Ne2 0-0-0 13. Nf4 g6 14. c3 Nf5 15. Bc2 Be7 16. Nd3 Rdg8 17. Nfe1 h5 18. Qe2 g5 19. b4 g4 20. a4 a5 21. b5 Nb8 22. Nf4 Nh4 23. g3 Ng6 24. Nxg6 fxg6 25. Ng2 g5 26. f4 gxf3 27. Rxf3 h4 28. Raf1 hxg3 29. Rxg3 Kd8 30. Qg4 Bc8 31. Nf4 Qe8 32. Nxe6+ Bxe6 33. Qxe6 Qd7 34. Qxd7+ Kxd7 35. Bf5+ Ke8 36. Be6 Rg7 37. Bxd5 Nd7 38. Rf2 Rgh7 39. Bxg5 Bxg5 40. Rxg5 Ke7 41. Bg8 Rh6 42. Rg7+ Ke8 43. Bd5 Kd8 44. e6 1-0

[Event "IECG CP.1999.P.00084"]
[Site "IECG email"]
[Date "1999.10.01"]
[Round "?"]
[White "Williams, Gavin"]
[Black "Adamczyk, Wieslaw"]
[Result "1-0"]
[WhiteElo "800"]
[BlackElo "1250"]
[PlyCount "123"]
[EventDate "1999.10.01"]
[EventType "tourn (corr)"]
[EventRounds "6"]
[EventCountry "NOR"]
[SourceTitle "Corr 2008"]
[Source "ChessBase"]
[SourceDate "2008.06.24"]
[SourceVersion "1"]
[SourceVersionDate "2008.06.24"]
[SourceQuality "1"]

1. e4 e6 2. d4 d5 3. e5 c5 4. c3 Nc6 5. Nf3 Be7 6. dxc5 Bxc5 7. Bd3 Qc7 8. Bf4 Nge7 9. b4 Bb6 10. b5 Na5 11. 0-0 Ng6 12. Bg3 0-0 13. h4 Rd8 14. h5 Ne7 15. h6 Ng6 16. hxg7 Kxg7 17. a4 Rg8 18. Qc2 Bd7 19. Nbd2 Kh8 20. Ng5 Rg7 21. Bxg6 Rxg6 22. Bf4 Rg7 23. g3 Rc8 24. Rac1 Rcg8 25. c4 Qb8 26. Ngf3 Rg4 27. Kh1 Nxc4 28. Nxc4 dxc4 29. Qxc4 a6 30. Qd3 Be8 31. Qe2 axb5 32. axb5 Qa8 33. Nh2 R4g6 34. Rb1 Bc5 35. Rfd1 b6+ 36. Nf3 Rg4 37. Kh2 Qa4 38. Rg1 R8g6 39. Kh1 Rxf4 40. gxf4 Qxf4 41. Rxg6 fxg6 42. Rb3 Kg7 43. Kg2 Qg4+ 44. Kf1 h6 45. Qd3 g5 46. Nd2 Qf4 47. Ne4 Qxe5 48. Nxc5 Qxc5 49. Kg1 g4 50. Qe4 h5 51. Re3 Bf7 52. Qc6 Qd4 53. Qc3 Qf6 54. Rd3 e5 55. Re3 e4 56. Qxf6+ Kxf6 57. Rxe4 Kg5 58. Rd4 Kf6 59. Rd6+ Ke7 60. Rxb6 Bc4 61. Rb7+ Kd6 62. b6 1-0